000 00375nam a2200157Ia 4500
008 230711s9999||||xx |||||||||||||| ||und||
020 _a978-0-7434-6860-2
041 _aENG
082 _a800
_bCO-P
100 _aCovey,Stephen R
245 0 _aPrinciple-centred leadership
260 _c2002
_aNew Delhi
_bPocket Books
300 _a332
650 _aLiterature
942 _cBK
999 _c5203
_d5203